Governance a e-government
Porovnanie troch modelov riadenia vo verejnej správe: Weberovský tradičný byrokratický model, new public management a spravovanie spoločnosti (governance). E-government. Informovanosť v Slovinsku, Dánsku a USA.
Uložené v:
| Hlavný autor: | |
|---|---|
| Médium: | Kapitola |
| Jazyk: | Slovak |
| Predmet: | |
| Tagy: |
Žiadne tagy, Buďte prvý, kto otaguje tento záznam!
|
MARC
| LEADER | 00000nla a2200000 4500 | ||
|---|---|---|---|
| 001 | 0180993 | ||
| 005 | 20240502073110.1 | ||
| 041 | 0 | |a slo | |
| 044 | |a SK | ||
| 245 | 1 | 0 | |a Governance a e-government |c František Birčár |
| 520 | |a Porovnanie troch modelov riadenia vo verejnej správe: Weberovský tradičný byrokratický model, new public management a spravovanie spoločnosti (governance). E-government. Informovanosť v Slovinsku, Dánsku a USA. | ||
| 610 | 2 | 0 | |a správa verejná |
| 610 | 2 | 0 | |a riadenie |
| 610 | 2 | 0 | |a správa verejná elektronická |
| 610 | 2 | 0 | |a technológie informačné |
| 610 | 2 | 0 | |a technológie komunikačné |
| 100 | 1 | |a Birčár, František | |